LEADER 01495oam 2200493 450 001 9910713752003321 005 20220624074929.0 035 $a(CKB)5470000002504164 035 $a(OCoLC)1180287498 035 $a(EXLCZ)995470000002504164 100 $a20200731d2020 ua 0 101 0 $aeng 135 $aur||||||||||| 181 $ctxt$2rdacontent 182 $cc$2rdamedia 183 $acr$2rdacarrier 200 10$aBusiness meeting $emeeting before the Committee on Environment and Public Works, United States Senate, One Hundred Sixteenth Congress, second session, February 11, 2020 210 1$aWashington :$cU.S. Government Publishing Office,$d2020. 215 $a1 online resource (iii, 34 pages) 225 1 $aS. hrg. ;$v116-231 517 $aBusiness meeting 606 $aPublic buildings$zWashington (D.C.) 606 $aPublic buildings$zUnited States 606 $aPublic buildings$2fast 607 $aUnited States$2fast 607 $aWashington (D.C.)$2fast 608 $aLegislative hearings.$2fast 608 $aLegislative hearings.$2lcgft 615 0$aPublic buildings 615 0$aPublic buildings 615 7$aPublic buildings. 676 $a4.P 96/10:S.HRG.116-231 801 0$bGPO 801 1$bGPO 801 2$bDWP 801 2$bGPO 801 2$bOCLCF 801 2$bOCLCQ 801 2$bGPO 801 2$bOCLCO 906 $aBOOK 912 $a9910713752003321 996 $aBusiness meeting$93184312 997 $aUNINA LEADER 00700nam 2200253 450 001 996671081103316 005 20250821122230.0 100 $a20250818d1969----km y0itay5003 ba 101 0 $aita 102 $aIT 105 $ay 00 y 200 1 $a<> frati minori a Serino$fp. Teofilo M. Giordano 210 $aSubiaco$cTipografia dei Monasteri$d1969 215 $a213 p.$cill.$d22 cm 606 0 $aFrancescani $2BNCF 676 $a271.3022 700 1$aGIORDANO,$bTeofilo M.$0548515 801 0$aIT$bcba$gREICAT 912 $a996671081103316 951 $aXVI.7.E. 530$bFBUO$cXVI.7.E. 959 $aBK 969 $aFBUO 996 $aFrati minori a Serino$94415777 997 $aUNISA